| 000 | 01117naa a22003257a 4500 | ||
|---|---|---|---|
| 001 | BR7908802 | ||
| 003 | BR-BrBNA | ||
| 005 | 20240918174532.0 | ||
| 007 | ta | ||
| 008 | 230509b bl.||||| |||| 00| 0 por d | ||
| 040 |
_aBR-BrBNA _bpor _cBiblioteca Nacional de Agricultura |
||
| 041 | _a(Pt) | ||
| 072 |
_aL10 _b6100 |
||
| 090 | _aL10 BR7908802 | ||
| 100 | 1 | _aCosta, M.N. da | |
| 100 | 1 | _aCustodio, R.W.S. | |
| 245 | 1 | _aTaxa reprodutiva de galinhas para corte em acasalamentos efetuados para a avaliacao de populacoes, matrizes e hibridos (ciclo de 1979/80) | |
| 260 | 3 |
_aPiracicaba, SP (Brasil): _c1979. |
|
| 500 | _aRelatorio cientifico 1979 Piracicaba, SP (Brasil): 1979. p. 116-129 (BR7908802-AM)L10 | ||
| 650 | _aGALINHA PARA CORTE | ||
| 650 | _aMATRIZ | ||
| 650 | _aTAXA DE CRESCIMENTO | ||
| 650 | _aEFICIENCIA REPRODUTIVA | ||
| 650 | _aACASALAMENTO | ||
| 650 | _aFERTILIDADE ANIMAL | ||
| 650 | _aECLODIBILIDADE | ||
| 773 | 0 |
_tRelatorio cientifico 1979 : no. 13 / _w0120 BR7908790 _gPiracicaba, SP (Brasil), 1979. _q309 p. |
|
| 909 |
_a202404 _bLucia _c55 _dLucia Elande |
||
| 942 |
_cAM _2AGRIS |
||
| 999 |
_c311826 _d311826 |
||